000 00930nas a2200265 4500
001 BR8500291
003 BR-BrBNA
005 20231205090057.0
007 ta
008 230509b bl.|||p| |||| 00| 00por d
040 _aBR-BrBNA
_bpor
_cBiblioteca Nacional de Agricultura
041 _a(Pt)
072 _aF21
100 1 _aSouto, S.M.
100 1 _aDobereiner, J.
245 1 _aMetodologia para medicao da fixacao de N2 em raizes de gramineas forrageiras tropicais [nitrogenio]
_bParte de tese
246 1 _aMethodology for measuring N2 fixation in roots of tropical feed grasses [nitrogen]
_b[Part of thesis]
650 _aGRAMINEA FORRAGEIRA
650 _aNITROGENASE
650 _aFIXACAO DE NITROGENIO
650 _aINCUBACAO
773 0 _tPesquisa Agropecuaria Brasileira (Brazil)
_xISSN 0100-204X
_g(May 1984), v. 19(5) p. 553-565
_wBR8500291
909 _a202311
_bLúcia
_c55
_dLúcia Elande
942 _2AGRIS
_n0
_cANA
999 _c116003
_d116003